| Tag |
First Indicator |
Second Indicator |
Subfields |
| LEADER |
00000cam a2200000 4500 |
| 001 |
in00000600282 |
| 005 |
20151014160737.0 |
| 008 |
720913s1926 nyua 00000 eng u |
| 010 |
|
|
|a 26019011
|
| 035 |
|
|
|a (OCoLC)00405260
|
| 035 |
|
|
|9 ACS0032AM
|
| 040 |
|
|
|c KSU
|d TXA
|d UtOrBLW
|
| 049 |
|
|
|a TXAM
|c [972499]
|
| 050 |
|
0 |
|a DS710
|b .W35
|
| 100 |
1 |
|
|a Warner, Langdon,
|d 1881-1955.
|
| 245 |
1 |
4 |
|a The long old road in China /
|c by Langdon Warner; with illustrations from photographs.
|
| 264 |
|
1 |
|a Garden City, N. Y. :
|b Doubleday, Page & company,
|c 1926.
|
| 300 |
|
|
|a viii pages, 168 pages :
|b illustrations ;
|c 26 cm.
|
| 336 |
|
|
|a text
|b txt
|2 rdacontent
|
| 337 |
|
|
|a unmediated
|b n
|2 rdamedia
|
| 338 |
|
|
|a volume
|b nc
|2 rdacarrier
|
| 651 |
|
0 |
|a China
|x Description and travel.
|
| 999 |
|
|
|a MARS
|
| 999 |
f |
f |
|s 228585af-2df5-3b95-8005-be01b26eb48b
|i 06dfec6c-c0b9-32b2-b4f6-91af69afccb3
|t 0
|
| 952 |
f |
f |
|p ric
|a Texas A&M University
|b Rellis Campus
|c Joint Library Facility
|d Remote Storage
|t 0
|e DS710 .W35
|h Library of Congress classification
|i unmediated -- volume
|m A14802065702
|
| 998 |
f |
f |
|a DS710 .W35
|t 0
|l Remote Storage
|